| 000 | 00942am a2200337a 44500 | ||
|---|---|---|---|
| 003 | AR-BaBNM | ||
| 005 | 20251128211002.0 | ||
| 008 | 212020s2000 #AR|||||||||||000 | spa|| | ||
| 020 | _a950-843-425-2 | ||
| 040 | _cAR-BaBNM | ||
| 100 | 1 | _aCapallo de Fidalgo, Norma | |
| 245 | 1 | 0 |
_aUn ensayo de pensar filosófico _bética aplicada al ciudadano - Nivel II |
| 250 | _a1ª ed. | ||
| 260 |
_aBuenos Aires _bVinciguerra _c2000 |
||
| 300 | _a165 p. | ||
| 650 | 4 | _aETICA | |
| 650 | 4 | _aACTIVIDADES DE APRENDIZAJE | |
| 650 | 4 | _aLIBERTAD | |
| 650 | 4 | _aTOLERANCIA | |
| 650 | 4 | _aFILOSOFIA | |
| 653 | _aEDUCACION EN VALORES | ||
| 653 | _aEDUCACION GENERAL BASICA | ||
| 653 | _aCONTENIDOS CURRICULARES | ||
| 653 | _aTEMAS TRANSVERSALES | ||
| 653 | _aFORMACION ETICA Y CIUDADANA | ||
| 653 | _aEDUCACION POLIMODAL | ||
| 653 | _aESTRATEGIAS DIDACTICAS | ||
| 700 | 1 | _aAbadjieff, Esperanza María | |
| 942 | _cBK | ||
| 998 | _cmariana | ||
| 999 |
_c17760 _d17760 |
||